Statistics for Business and Economics (Record no. 2559)

MARC details
005 - DATE AND TIME OF LATEST TRANSACTION
control field 20250523083156.0
020 ## - INTERNATIONAL STANDARD BOOK NUMBER
International Standard Book Number 0-324-20082-X
082 ## - DEWEY DECIMAL CLASSIFICATION NUMBER
Classification number LECT 579.5 AND
100 ## - MAIN ENTRY--PERSONAL NAME
Author name ANDERSON, D. R.
245 ## - TITLE STATEMENT
Title Statistics for Business and Economics
250 ## - EDITION STATEMENT
Edition statement 9th Ed.
260 ## - PUBLICATION, DISTRIBUTION, ETC.
Place of publication, distribution, etc. Australia,
Name of publisher, distributor, etc. South-Western,
Date of publication, distribution, etc. 2005.
300 ## - PHYSICAL DESCRIPTION
Extent xxvi, 1023p.: ill.; figure, picture, table.
Other physical details Index.
Dimensions 26cm.
Accompanying material CD
700 ## - ADDED ENTRY--PERSONAL NAME
Other authors/Editors SWEENEY, D. J. & WILLIAMS, T. A.
856 ## - ELECTRONIC LOCATION AND ACCESS
Link text Access Online Book
Electronic name Statistics for Business and Economics
Path http://www.thomsonrights.com
942 ## - ADDED ENTRY ELEMENTS (KOHA)
Source of classification or shelving scheme Dewey Decimal Classification
Koha item type Books
Holdings
Date last seen Total checkouts Full call number Barcode Cost, replacement price Price effective from Koha item type Lost status Source of classification or shelving scheme Damaged status Not for loan Withdrawn status Home library Current library Shelving location Date acquired Cost, normal purchase price
05/23/2025   LECT 579.5 AND 0000009666 150000.00 05/23/2025 Books   Dewey Decimal Classification       College of Business Education Main Library College of Business Education Main Library General Collection 11/28/2014 50000.00